[Event "Smith-Morra Training"]
[Site "SchemingMind.com"]
[Date "2013.07.26"]
[Round "-"]
[White "white bishop"]
[Black "Louis Lima"]
[Result "1-0"]
[WhiteCountry "PHI"]
[BlackCountry "ESP"]
[WhiteElo "2251"]
[WhiteRD "85"]
[BlackElo "1911"]
[BlackRD "75"]
[GameID "335466"]

1. e4 c5 2. d4 cxd4 3. c3 g6 4. cxd4 d5 5. exd5 Nf6 6. Bb5+ Nbd7 7. d6 exd6 8. Nf3 Bg7 9. O-O O-O 10. Re1 a6
11. Bd3 b5 12. a4 bxa4 13. Bg5 Qb6 14. Na3 d5 15. Qxa4 Bb7 16. Nc2 Bc6 17. Qa3 Bb5 18. Ne3 Bxd3 19. Qxd3 Rfc8 20. Qe2 Rc6
21. h3 Rac8 22. Bf4 Qb7 23. Ra5 Rb6 24. b4 Rxb4 25. Qd3 Rb5 26. Rxb5 Qxb5 27. Qxb5 axb5 28. Ne5 Nb6 29. Rb1 Nc4 30. Rxb5 Nxe3
31. fxe3 h6 32. Nd3 Rd8 33. Nb4 Bf8 34. Be5
1-0

[Event "Smith-Morra Training"]
[Site "SchemingMind.com"]
[Date "2013.08.05"]
[Round "-"]
[White "emvarela"]
[Black "white bishop"]
[Result "0-1"]
[WhiteCountry "ARG"]
[BlackCountry "PHI"]
[WhiteElo "1683"]
[WhiteRD "48"]
[BlackElo "2256"]
[BlackRD "80"]
[GameID "335914"]

1. e4 c5 2. d4 cxd4 3. c3 dxc3 4. Nxc3 Nc6 5. Nf3 d6 6. Bc4 a6 7. O-O Nf6 8. Bf4 e6 9. Qe2 Ne7 10. e5 Ng6
11. Bg3 dxe5 12. Nxe5 Be7 13. Nxg6 hxg6 14. Rad1 Qb6 15. b3 Bd7 16. Ne4 Nxe4 17. Qxe4 Rd8 18. Be5 Bc6 19. Rxd8+ Qxd8 20. Qd3 Bf6
21. Qxd8+ Kxd8 22. Bxf6+ gxf6 23. Rd1+ Kc8 24. g3 Kc7 25. Bf1 Bd5 26. Bg2 Bxg2 27. Kxg2 e5 28. h4 Kc6 29. Kf3 Re8 30. Ke3 f5
31. Rc1+ Kd6 32. f3 Rd8 33. Rd1+ Ke7 34. Rxd8 Kxd8 35. f4 e4 36. g4 Ke8 37. gxf5 gxf5 38. a3 Ke7 39. h5 Kf8 40. b4 Kg7
0-1

[Event "Smith-Morra Training"]
[Site "SchemingMind.com"]
[Date "2013.08.05"]
[Round "-"]
[White "white bishop"]
[Black "emvarela"]
[Result "1-0"]
[WhiteCountry "PHI"]
[BlackCountry "ARG"]
[WhiteElo "2244"]
[WhiteRD "85"]
[BlackElo "1760"]
[BlackRD "50"]
[GameID "335916"]

1. e4 c5 2. d4 cxd4 3. Nf3 e6 4. Nxd4 Nf6 5. Bd3 a6 6. Qe2 Nc6 7. Nxc6 bxc6 8. e5 Nd5 9. a3 Be7 10. Qg4 g6
11. c4 Nb6 12. Qe2 Bb7 13. O-O f5 14. exf6 Bxf6 15. Nc3 Bxc3 16. bxc3 Qf6 17. Qb2 O-O 18. Qxb6 Qxc3 19. Bb2
1-0

[Event "Smith-Morra Training"]
[Site "SchemingMind.com"]
[Date "2013.09.01"]
[Round "-"]
[White "tiggeronvrb"]
[Black "Louis Lima"]
[Result "0-1"]
[WhiteCountry "SCO"]
[BlackCountry "ESP"]
[WhiteElo "1870"]
[WhiteRD "71"]
[BlackElo "1910"]
[BlackRD "67"]
[GameID "337518"]

1. e4 c5 2. d4 cxd4 3. c3 g6 4. Nf3 Bg7 5. Bc4 Nf6 6. Qe2 dxc3 7. Nxc3 d6 8. O-O O-O 9. Rd1 Qa5 10. h3 Nc6
11. Bg5 Re8= 12. a3 a6 13. Rac1 Ne5 14. Bxf6 Bxf6 15. Nd5 Bg7 16. Ba2 Nc6 17. Ng5 e6 18. Nc3 Qxg5
0-1

[Event "Smith-Morra Training"]
[Site "SchemingMind.com"]
[Date "2013.09.04"]
[Round "-"]
[White "tiggeronvrb"]
[Black "emvarela"]
[Result "1-0"]
[WhiteCountry "SCO"]
[BlackCountry "ARG"]
[WhiteElo "1834"]
[WhiteRD "72"]
[BlackElo "1713"]
[BlackRD "51"]
[GameID "337519"]

1. e4 c5 2. d4 cxd4 3. c3 dxc3 4. Nxc3 Nc6 5. Bc4 e6 6. Nf3 d6 7. O-O Nf6 8. Qe2 a6 9. Rd1 Qc7 10. Bg5 Be7
11. Rac1 h6 12. Bf4 e5 13. Be3 Bg4 14. Nd5 Nxd5 15. exd5 Bxf3 16. Qxf3 Nb4 17. Bb5+
1-0

[Event "Smith-Morra Training"]
[Site "SchemingMind.com"]
[Date "2013.09.01"]
[Round "-"]
[White "tiggeronvrb"]
[Black "white bishop"]
[Result "0-1"]
[WhiteCountry "SCO"]
[BlackCountry "PHI"]
[WhiteElo "1870"]
[WhiteRD "71"]
[BlackElo "2259"]
[BlackRD "89"]
[GameID "337520"]

1. e4 c5 2. d4 cxd4 3. c3 Nf6 4. e5 Nd5 5. cxd4 d6 6. exd6 Nc6 7. Nf3 Qxd6 8. Nc3 Bf5 9. Bc4 e6 10. O-O Be7
11. Re1 O-O 12. Bg5 Bxg5 13. Nxg5 Nb6 14. Nb5 Qd8 15. Nf3 Nxc4
0-1

[Event "Smith-Morra Training"]
[Site "SchemingMind.com"]
[Date "2013.09.01"]
[Round "-"]
[White "Louis Lima"]
[Black "tiggeronvrb"]
[Result "1-0"]
[WhiteCountry "ESP"]
[BlackCountry "SCO"]
[WhiteElo "1910"]
[WhiteRD "67"]
[BlackElo "1870"]
[BlackRD "71"]
[GameID "337521"]

1. e4 c5 2. d4 cxd4 3. c3 dxc3 4. Nxc3 Nc6 5. Nf3 e6 6. Bc4 Nf6 7. O-O d6 8. Qe2 Be7 9. Rd1 e5 10. Be3 O-O
11. Rac1 Bg4 12. h3 Bh5 13. a3= a6 14. b4 Rc8 15. Bb3 h6 16. Nd5 Nxe4 17. Bb6 Bxf3 18. gxf3 Qd7 19. fxe4 Qxh3 20. Rxc6
1-0

[Event "Smith-Morra Training"]
[Site "SchemingMind.com"]
[Date "2013.09.04"]
[Round "-"]
[White "emvarela"]
[Black "tiggeronvrb"]
[Result "1-0"]
[WhiteCountry "ARG"]
[BlackCountry "SCO"]
[WhiteElo "1760"]
[WhiteRD "50"]
[BlackElo "1824"]
[BlackRD "74"]
[GameID "337522"]

1. e4 c5 2. d4 cxd4 3. c3 e5 4. Nf3 Nc6 5. cxd4 exd4 6. Nxd4 Bc5 7. Be3 Qb6 8. Nc2 Bxe3 9. Nxe3 Nf6 10. Bd3 O-O
11. Qd2 Re8 12. Nc3 d6 13. O-O Be6 14. Ncd5 Nxd5 15. exd5
1-0

[Event "Smith-Morra Training"]
[Site "SchemingMind.com"]
[Date "2013.09.01"]
[Round "-"]
[White "white bishop"]
[Black "tiggeronvrb"]
[Result "1-0"]
[WhiteCountry "PHI"]
[BlackCountry "SCO"]
[WhiteElo "2259"]
[WhiteRD "89"]
[BlackElo "1870"]
[BlackRD "71"]
[GameID "337523"]

1. e4 c5 2. d4 cxd4 3. c3 dxc3 4. Nxc3 Nc6 5. Nf3 d6 6. Bb5 Bd7 7. Bf4 e5 8. Bd2 Nf6 9. O-O Be7 10. Bd3 O-O
11. Rc1 Bg4 12. h3 Bh5 13. g4 Bg6 14. Be3 Qd7 15. a3 Rfd8 16. Re1 Rac8 17. Nh4 a6 18. Nxg6 hxg6 19. Be2 Qe6 20. g5 Nd7
21. Nd5 f5 22. exf5 gxf5 23. Bc4 Kf8 24. Qh5
1-0

[Event "Smith-Morra Training"]
[Site "SchemingMind.com"]
[Date "2013.09.13"]
[Round "-"]
[White "Abstract Actuary"]
[Black "tiggeronvrb"]
[Result "0-1"]
[WhiteCountry "USA"]
[BlackCountry "SCO"]
[WhiteElo "1808"]
[WhiteRD "85"]
[BlackElo "1857"]
[BlackRD "73"]
[GameID "338287"]

1. e4 c5 2. d4 cxd4 3. c3 dxc3 4. Nxc3 e5 5. Bc4 Nc6 6. Nf3 Bb4 7. Qb3 Qe7 8. O-O Nf6 9. Bg5 Bxc3 10. bxc3 Na5
11. Qa4 Nxc4 12. Qxc4 O-O 13. Rfd1 d6 14. Rab1 b6 15. Qc6 Bg4 16. Bxf6 Qxf6 17. Rxd6 Qf4 18. Rd3 Rac8 19. Qd5 Rc5 20. Qd6 Bxf3
21. gxf3 h6 22. Qe7 Rfc8 23. Qxa7 Rxc3 24. Rxc3 Rxc3 25. Qxb6 Qxf3 26. Qb4 Rc2
0-1

[Event "Smith-Morra Training"]
[Site "SchemingMind.com"]
[Date "2013.09.17"]
[Round "-"]
[White "Abstract Actuary"]
[Black "emvarela"]
[Result "0-1"]
[WhiteCountry "USA"]
[BlackCountry "ARG"]
[WhiteElo "1812"]
[WhiteRD "92"]
[BlackElo "1674"]
[BlackRD "46"]
[GameID "338288"]

1. e4 c5 2. d4 cxd4 3. c3 Nf6 4. e5 Nd5 5. cxd4 d6 6. f4 Nc6 7. Bc4 Nb6 8. Bb3 e6 9. Nf3 d5 10. Bd2 Bd7
11. Nc3 Bb4 12. Nb5 Bxd2+ 13. Qxd2 O-O 14. g4 f6 15. Nd6 Qc7 16. Rc1 Nc8 17. Nxc8 Raxc8 18. h4 Qb6 19. g5 fxe5 20. Nxe5 Nxe5
21. dxe5 Rxc1+ 22. Qxc1 Qd4 23. Rf1 Qe4+ 24. Kd1 Rc8 25. Bc2 Qc4 26. Rf2 Qxa2 27. Ke1 Ba4 28. Bxh7+ Kxh7 29. Qxc8 Qb1+ 30. Ke2 Qd1+
31. Ke3 d4+ 32. Ke4 Bc6+
0-1

[Event "Smith-Morra Training"]
[Site "SchemingMind.com"]
[Date "2013.09.17"]
[Round "-"]
[White "Abstract Actuary"]
[Black "white bishop"]
[Result "0-1"]
[WhiteCountry "USA"]
[BlackCountry "PHI"]
[WhiteElo "1808"]
[WhiteRD "85"]
[BlackElo "2251"]
[BlackRD "87"]
[GameID "338289"]

1. e4 c5 2. d4 cxd4 3. c3 dxc3 4. Nxc3 Nc6 5. Bc4 e6 6. Bf4 Bb4 7. Rc1 Nf6 8. Qe2 O-O 9. Nf3 d5 10. Bb5 Bxc3+
11. Rxc3 dxe4 12. Bxc6 bxc6 13. Ne5 Qa5 14. O-O Ba6 15. Nc4 Nd5 16. Qh5 Bxc4 17. Rxc4 Qxa2 18. Rxc6 Qa4 19. Rfc1 Nxf4 20. Qd1 Qxd1+
21. Rxd1 Rab8
0-1

[Event "Smith-Morra Training"]
[Site "SchemingMind.com"]
[Date "2013.09.13"]
[Round "-"]
[White "tiggeronvrb"]
[Black "Abstract Actuary"]
[Result "1-0"]
[WhiteCountry "SCO"]
[BlackCountry "USA"]
[WhiteElo "1870"]
[WhiteRD "71"]
[BlackElo "1817"]
[BlackRD "86"]
[GameID "338291"]

1. e4 c5 2. d4 cxd4 3. c3 dxc3 4. Nxc3 e6 5. Bc4 Bb4 6. Nf3 Qc7 7. Qe2 Bxc3+ 8. bxc3 b5 9. Bxb5 Qxc3+ 10. Qd2 Qxa1
11. O-O Qf6 12. Bb2 Qg6 13. Rc1 Nc6 14. Rxc6 Bb7 15. Rc7 Nf6 16. Ba3 Rd8 17. Qd6 Nd5 18. Bxd7+ Rxd7 19. Qxd7#
1-0

[Event "Smith-Morra Training"]
[Site "SchemingMind.com"]
[Date "2013.09.15"]
[Round "-"]
[White "emvarela"]
[Black "Abstract Actuary"]
[Result "0-1"]
[WhiteCountry "ARG"]
[BlackCountry "USA"]
[WhiteElo "1683"]
[WhiteRD "48"]
[BlackElo "1835"]
[BlackRD "90"]
[GameID "338292"]

1. e4 c5 2. d4 cxd4 3. c3 dxc3 4. Nxc3 e6 5. Bc4 Qc7 6. Qb3 Nc6 7. Nb5 Qe5 8. Bd2 Qxe4+ 9. Ne2 Kd8 10. Bf4 e5
11. f3 Na5 12. fxe4 Nxb3 13. Bxb3 exf4 14. Nxf4 Bb4+ 15. Ke2 f6 16. a3 Bc5 17. Nd5 a6 18. Nbc3 b5 19. Rhd1 Bb7 20. Rd2 Ne7
21. Nxe7 Kxe7 22. Bd5 Bc6 23. Rad1 Rad8 24. Bxc6 dxc6 25. Rxd8 Rxd8 26. Rxd8 Kxd8 27. g4 Ke7 28. b4 Bd4 29. Nd1 Kd6 30. Kf3 Ke5
31. h3 c5 32. bxc5 Bxc5
0-1

[Event "Smith-Morra Training"]
[Site "SchemingMind.com"]
[Date "2013.09.17"]
[Round "-"]
[White "white bishop"]
[Black "Abstract Actuary"]
[Result "1-0"]
[WhiteCountry "PHI"]
[BlackCountry "USA"]
[WhiteElo "2251"]
[WhiteRD "87"]
[BlackElo "1808"]
[BlackRD "85"]
[GameID "338293"]

1. e4 c5 2. d4 cxd4 3. c3 dxc3 4. Nxc3 e6 5. Bf4 Bb4 6. Nf3 Nf6 7. Qc2 O-O 8. Bd3 Qa5 9. h3 Bxc3+ 10. bxc3 h6
11. Bd6 Re8 12. Rb1 b6 13. Rb5 Qa6 14. e5 Nh5 15. Rb4 Qb7 16. Bh7+ Kh8 17. Rh4 Qd5 18. Rxh5 Nc6 19. Be4 Qb5 20. Bxc6 dxc6
21. a4 Qc4 22. Ng5
1-0

[Event "Smith-Morra Training"]
[Site "SchemingMind.com"]
[Date "2013.09.18"]
[Round "-"]
[White "Aba"]
[Black "Abstract Actuary"]
[Result "1-0"]
[WhiteCountry "ISR"]
[BlackCountry "USA"]
[WhiteElo "1853"]
[WhiteRD "80"]
[BlackElo "1803"]
[BlackRD "86"]
[GameID "338428"]

1. e4 c5 2. d4 cxd4 3. Nf3 Nc6 4. Nxd4 e5 5. Nb5 a6 6. Nd6+ Bxd6 7. Qxd6 Qe7 8. Qd1 Nf6 9. Nc3 b5 10. Bg5 Qb4
11. Bxf6 gxf6 12. a3 Qxb2 13. Nd5 Nd4 14. Bd3 Ra7 15. O-O f5 16. exf5 d6 17. Qd2 Nxf5 18. g4 Nh4 19. Be4 f5 20. gxf5 Bxf5
21. Nf6+ Kf7 22. Qxd6 Rg8+ 23. Kh1 Rg6 24. Bd5+ Kg7 25. Rg1 Qxc2 26. Ne8+ Kh6 27. Qf8+ Kh5 28. Nf6+ Rxf6 29. Qxf6 Be4+ 30. Bxe4 Qxe4+
31. f3 Nxf3 32. Rg2 Rd7 33. Rf1 Nh4 34. Qg5#
1-0

[Event "Smith-Morra Training"]
[Site "SchemingMind.com"]
[Date "2013.09.17"]
[Round "-"]
[White "Aba"]
[Black "tiggeronvrb"]
[Result "1-0"]
[WhiteCountry "ISR"]
[BlackCountry "SCO"]
[WhiteElo "1853"]
[WhiteRD "80"]
[BlackElo "1834"]
[BlackRD "72"]
[GameID "338429"]

1. e4 c5 2. d4 cxd4 3. c3 Nc6 4. cxd4 d6 5. Bb5 Bd7 6. Nf3 g6 7. Nc3 Bg7 8. h3 Nf6 9. O-O O-O 10. e5 Ne8
11. Bg5 dxe5 12. Nxe5 Nxe5 13. dxe5 Bxb5 14. Nxb5 Bxe5 15. Qxd8 Rxd8 16. Bxe7 Rd5 17. Bxf8 Rxb5 18. Ba3 Nd6 19. Bxd6 Bxd6 20. b3 Re5
21. Rfd1 Bc5 22. Rac1 b6 23. Rc2 a5 24. g3 Kg7 25. Kg2 Re6 26. Rd5 Kf6 27. g4 Ke7 28. f3 Re1 29. h4 Rg1+ 30. Kh2 Rf1
31. Rd3 Re1 32. Rcd2 Bg1+ 33. Kg2 Bc5 34. Rd5 Rg1+ 35. Kh2 Rf1 36. Kg3 Rg1+ 37. Kf4 Re1 38. Re5+ Rxe5 39. Kxe5 Bb4 40. Rd5 Bc3+
41. Ke4 Bb4 42. Rb5 Bc5 43. Kd5
1-0

[Event "Smith-Morra Training"]
[Site "SchemingMind.com"]
[Date "2013.09.21"]
[Round "-"]
[White "Aba"]
[Black "emvarela"]
[Result "1-0"]
[WhiteCountry "ISR"]
[BlackCountry "ARG"]
[WhiteElo "1852"]
[WhiteRD "82"]
[BlackElo "1720"]
[BlackRD "50"]
[GameID "338430"]

1. e4 c5 2. d4 cxd4 3. Nf3 e6 4. Nxd4 Nf6 5. Nc3 Nc6 6. Ndb5 Bb4 7. a3 Bxc3+ 8. Nxc3 d5 9. exd5 exd5 10. Bg5 O-O
11. Be2 d4 12. Ne4 Re8 13. f3 Qa5+ 14. b4 Nxb4 15. axb4 Qxb4+ 16. Kf2 Nxe4+ 17. fxe4 Rxe4 18. h4 Bf5 19. Rb1 Qc5 20. Bd3 Re6
21. Rb5
1-0

[Event "Smith-Morra Training"]
[Site "SchemingMind.com"]
[Date "2013.09.21"]
[Round "-"]
[White "Aba"]
[Black "white bishop"]
[Result "0-1"]
[WhiteCountry "ISR"]
[BlackCountry "PHI"]
[WhiteElo "1853"]
[WhiteRD "80"]
[BlackElo "2241"]
[BlackRD "81"]
[GameID "338431"]

1. e4 c5 2. d4 cxd4 3. c3 Nf6 4. cxd4 Nxe4 5. Bd3 d5 6. Nc3 Bf5 7. g4 Bg6 8. Bb5+ Nd7 9. Nxd5 e6 10. Bxd7+ Qxd7
11. Nc3 h5 12. f3 Nxc3 13. bxc3 Rc8 14. Ne2 Bd6 15. Bg5 Qc6 16. d5 exd5 17. Qd4 O-O 18. h3 hxg4 19. hxg4 Rfe8 20. Kd2 Be5
21. Qb4 Qa6 22. Be3 Bxc3+ 23. Nxc3 Qd3+ 24. Kc1 Qc2#
0-1

[Event "Smith-Morra Training"]
[Site "SchemingMind.com"]
[Date "2013.09.17"]
[Round "-"]
[White "Abstract Actuary"]
[Black "Aba"]
[Result "1-0"]
[WhiteCountry "USA"]
[BlackCountry "ISR"]
[WhiteElo "1803"]
[WhiteRD "86"]
[BlackElo "1853"]
[BlackRD "80"]
[GameID "338433"]

1. e4 c5 2. d4 e6 3. Nf3 cxd4 4. Nxd4 Nf6 5. Nc3 a6 6. Bg5 d6 7. Bc4 b5 8. Bb3 Be7 9. O-O Bb7 10. f3 h6
11. Bh4 g5 12. Bf2 Nc6 13. Qe2 h5 14. Rfd1 Qc7 15. Be3 g4 16. f4 O-O-O 17. f5 Nxd4 18. Bxd4 Qd7 19. fxe6 fxe6 20. e5 Nd5
21. Nxd5 Bxd5 22. Bxd5 exd5 23. exd6 Qxd6 24. Bxh8 Rxh8 25. Re1 Kd7 26. Rad1 Bf6 27. c3 Kc6 28. Qe6 h4 29. Qxd6+ Kxd6 30. Rf1 Be5
31. Rd3 Rc8 32. Rf7 Re8 33. Rh7 g3 34. h3 Bxc3 35. Rh6+ Kd7 36. Rxd5+ Kc7 37. Rd1 Bxb2 38. Rxh4 a5 39. Rg4 Re3 40. Rf1 b4
41. Rg6 Re7 42. Rxg3 a4 43. Rg4 Bc3 44. a3 Kd6 45. axb4 a3 46. Rd1+ Kc6 47. Rc4+
1-0

[Event "Smith-Morra Training"]
[Site "SchemingMind.com"]
[Date "2013.09.18"]
[Round "-"]
[White "tiggeronvrb"]
[Black "Aba"]
[Result "1-0"]
[WhiteCountry "SCO"]
[BlackCountry "ISR"]
[WhiteElo "1824"]
[WhiteRD "74"]
[BlackElo "1832"]
[BlackRD "82"]
[GameID "338434"]

1. e4 c5 2. d4 cxd4 3. c3 Nf6 4. e5 Nd5 5. Bc4 Qc7 6. Qe2 Nb6 7. Bb3 h6 8. Nf3 dxc3 9. Nxc3 e6 10. O-O a6
11. Bf4 Bc5 12. Ne4 Nd5 13. Bxd5 exd5 14. Nxc5 Nc6 15. Rac1 g5 16. Bg3 Qa5 17. a3 b6 18. Nb3 Qa4 19. Qd3 Ne7 20. Nbd4 b5
21. Nf5 Nxf5 22. Qxf5 b4 23. Qf6 Rh7 24. Rfd1 bxa3 25. bxa3 Qxa3 26. Nd4 Bb7 27. Nf5 Bc6 28. Rxc6
1-0

[Event "Smith-Morra Training"]
[Site "SchemingMind.com"]
[Date "2013.09.21"]
[Round "-"]
[White "emvarela"]
[Black "Aba"]
[Result "0-1"]
[WhiteCountry "ARG"]
[BlackCountry "ISR"]
[WhiteElo "1683"]
[WhiteRD "48"]
[BlackElo "1839"]
[BlackRD "80"]
[GameID "338435"]

1. e4 c5 2. d4 cxd4 3. c3 Nf6 4. cxd4 Nxe4 5. Qf3 d5 6. Bb5+ Nc6 7. Bxc6+ bxc6 8. Nc3 f5 9. Nxe4 dxe4 10. Qg3 Qxd4
11. Ne2 Qb4+ 12. Qc3 e5 13. Bd2 Qxc3 14. Bxc3 Bd6 15. O-O-O Ke7 16. f3 exf3 17. gxf3 Be6 18. f4 exf4 19. Bxg7 Rhg8 20. Bh6 f3
21. Nf4 f2 22. Nxe6 Kxe6 23. Be3 Rg2 24. Rd2 Rxh2 25. Rxd6+ Kxd6 26. Rf1 Ke6 27. Rxf2 Rxf2 28. Bxf2 h5 29. Kc2 f4
0-1

[Event "Smith-Morra Training"]
[Site "SchemingMind.com"]
[Date "2013.09.21"]
[Round "-"]
[White "white bishop"]
[Black "Aba"]
[Result "1-0"]
[WhiteCountry "PHI"]
[BlackCountry "ISR"]
[WhiteElo "2241"]
[WhiteRD "81"]
[BlackElo "1853"]
[BlackRD "80"]
[GameID "338436"]

1. e4 c5 2. d4 cxd4 3. c3 Nf6 4. e5 Nd5 5. cxd4 d6 6. Nf3 Nc6 7. Be2 e6 8. O-O a6 9. Qb3 h6 10. Nc3 Nxc3
11. Qxc3 d5 12. Bd2 Bb4 13. Qe3 g5 14. Bxb4 Nxb4 15. Rfc1 Bd7 16. h3 Rc8 17. Rxc8 Qxc8 18. Qd2 Nc6 19. b4 b5 20. Nh2 Ne7
21. Rc1 Nc6 22. Rc2 Qb7 23. Ng4 Qb6 24. Nf6+ Ke7 25. Rc5 a5 26. Rxd5 Bc8 27. bxa5 Qxa5 28. Qc1 exd5 29. Qc5+
1-0